5HLuxD.jpg

KING HENRY VIII SENIOR AND PRIMARY SCHOOL LIBRARY OPAC

The dragon and the peasant / (Record no. 2154)

000 -LEADER
fixed length control field 01048nam a2200349 i 4500
001 - CONTROL NUMBER
control field 013831305
003 - CONTROL NUMBER IDENTIFIER
control field Uk
005 - DATE AND TIME OF LATEST TRANSACTION
control field 20230314075731.0
008 - FIXED-LENGTH DATA ELEMENTS--GENERAL INFORMATION
fixed length control field 070831s2007 enka 000 1 eng
015 ## - NATIONAL BIBLIOGRAPHY NUMBER
National bibliography number GBB592752
Source bnb
016 7# - NATIONAL BIBLIOGRAPHIC AGENCY CONTROL NUMBER
Record control number 013831305
Source Uk
020 ## - INTERNATIONAL STANDARD BOOK NUMBER
International Standard Book Number 9781905598731
040 ## - CATALOGING SOURCE
Original cataloging agency Uk
Language of cataloging eng
Transcribing agency Uk
Description conventions rda
Modifying agency KH8
042 ## - AUTHENTICATION CODE
Authentication code ukblsr
082 04 - DEWEY DECIMAL CLASSIFICATION NUMBER
Classification number 428.6 MIL
Edition number 23
100 1# - MAIN ENTRY--PERSONAL NAME
Personal name Miles, Sara,
Relator term author.
245 14 - TITLE STATEMENT
Title The dragon and the peasant /
Statement of responsibility, etc. retold by Sara Miles ; illustrations & design by CREACES.
264 #1 - PRODUCTION, PUBLICATION, DISTRIBUTION, MANUFACTURE, AND COPYRIGHT NOTICE
Place of production, publication, distribution, manufacture London :
Name of producer, publisher, distributor, manufacturer Popular UK PTE Ltd,
Date of production, publication, distribution, manufacture, or copyright notice April 2007.
300 ## - PHYSICAL DESCRIPTION
Extent 47 pages :
Other physical details chiefly illustrations (colour) ;
Dimensions 18 cm.
336 ## - CONTENT TYPE
Content type term text
Source rdacontent
336 ## - CONTENT TYPE
Content type term still image
Source rdacontent
337 ## - MEDIA TYPE
Media type term unmediated
Source rdamedia
338 ## - CARRIER TYPE
Carrier type term volume
Source rdacarrier
490 0# - SERIES STATEMENT
Series statement Robin
490 0# - SERIES STATEMENT
Series statement Read with Robin. Dragons
500 ## - GENERAL NOTE
General note "i-Pen readable"--Cover.
650 #0 - SUBJECT ADDED ENTRY--TOPICAL TERM
Topical term or geographic name entry element Readers (Elementary)
650 #0 - SUBJECT ADDED ENTRY--TOPICAL TERM
Topical term or geographic name entry element Readers
Form subdivision Fables.
650 #0 - SUBJECT ADDED ENTRY--TOPICAL TERM
Topical term or geographic name entry element Children's story
710 2# - ADDED ENTRY--CORPORATE NAME
Corporate name or jurisdiction name as entry element CREACES (Firm),
Relator term illustrator.
942 ## - ADDED ENTRY ELEMENTS (KOHA)
Source of classification or shelving scheme
Koha item type Books - Non Ficton
Holdings
Withdrawn status Lost status Source of classification or shelving scheme Damaged status Not for loan Collection code Permanent Location Current Location Shelving location Date acquired Total Checkouts Total Renewals Full call number Barcode Date due Date last seen Date last checked out Price effective from Koha item type
          Non-Fiction KH8 Primary School Library KH8 Primary School Library Non Fiction 2023-03-14 10 1 428.6 MIL KHPL000003893 2025-02-05 2023-11-21 2023-11-21 2023-03-14 Books - Non Ficton

Powered By KH8 IT Dept